Statistics for Capitals of 1st-level subdivisions in Bulgaria from north to south

Click here to take the quiz!

General Stats

  • This quiz has been taken 9 times
  • The average score is 21 of 27

Answer Stats

Latitude (DD)Answer% Correct
343.85Ruse
100%
144.12Silistra
100%
243.99Vidin
100%
443.57Dobrič
88%
2442.02Blagoevgrad
75%
1842.50Burgas
75%
1442.87Gabrovo
75%
2541.93Haskovo
75%
1942.48Jambol
75%
2142.28Kjustendil
75%
2641.64Krdžali
75%
1243.13Loveč
75%
743.41Montana
75%
2242.19Pazardžik
75%
1742.60Pernik
75%
643.41Pleven
75%
2342.14Plovdiv
75%
543.53Razgrad
75%
1642.68Sliven
75%
2741.58Smoljan
75%
1542.69Sofija
75%
2042.42Stara Zagora
75%
843.27Šumen
75%
943.25Trgovište
75%
1043.20Varna
75%
1343.07Veliko Trnovo
75%
1143.20Vraca
75%

Score Distribution

Percentile by Number Answered

Percent of People with Each Score

Your Score History

You have not taken this quiz